000 00638nam a22002417a 4500
005 20250919192629.0
008 150304b2010 xxu||||| |||| 00| 0 spa d
020 _a9789968162067
041 _aESP
082 _a351.711 J16c
100 _aJinesta Lobo, Ernesto
_914342
245 _aContratación administrativa. Tomo IV Tratado de derecho administrativo
260 _aCosta Rica
260 _bGuayacán
260 _c2010
300 _a564 páginas
490 _aTemática General
650 _aCONTRATACIÓN ADMINISTRATIVA
650 _aDERECHO ADMINISTRATIVO
650 _aCOSTA RICA
942 _cBK
_2ddc
999 _c3659
_d3659